02307cam a2200349 i 450000100090000000300090000900500170001800800410003502000250007604000380010104300120013908200240015110000370017524500900021226400470030230000500034933600260039933700280042533800270045350400520048050504550053252005720098765000270155965000400158665000490162665100360167565300330171165500240174494200120176899900170178095201600179717844353EG-ScBUE20240805095202.0130808s2013 enkao f b 001 0 eng d a9781780764665 (pbk.) aDLCbengerdacDLCdDLCdEG-ScBUE af-ua---04222bIBRa962.0049321 aIbrahim, Vivian,eauthor.93833314aThe Copts of Egypt :bthe challenges of modernisation and identity /cVivian Ibrahim. 1aLondon ;aNew York :bI. B. Tauris,c2013. axv, 258 pages :bphotographs, tables ;c22 cm 2rdacontentatextbtxt aunmediated2rdamediabn avolumebnc2rdacarrier aIncludes bibliographical references and index. 0 aInter-communal relations : the Copts and the state (1805-1946). Religion and state-building in the Khedival period (1798-1882) ; The making of new national identities (1882-1919) ; Constitutional politics and political Islam (1922-1946) -- Intra-communal relations : the Coptic community from within (1882-1954). Benevolence and philanthropy (1882-1945) ; Factionalism and corruption (1882-1945) ; A Coptic revolution : Harakat Al-Tathir (1952-1954). a"The Copts of Egypt, who make up 10-15 percent of the population, have traditionally been viewed as a 'beleaguered and persecuted minority.' Using newly discovered Coptic archival sources, Vivian Ibrahim presents a fresh and vivid alternative reading of the community during the twentieth centry. Avoiding the established portrayal of a monolithic entity headed by the Coptic Pope, Ibrahim examines the multifaceted dimensions of the Coptic community, assessing Coptic-State relations on one hand and Coptic intra-communal dimensions on the other."--P. [2] of jacket. 7aCoptsxHistory.2BUEsh 7aReligious minoritieszEgypt.2BUEsh 7aMinoritieszEgyptxSocial conditions.2BUEsh 7aEgyptxEthnic relations.2BUEsh bBUSBOLcJune2015cAugust2015 vReading book934232 2ddccBB c19801d19773 00102ddc40708AlahramaMAINbMAINc2NDd2015-06-22ePurchaseg293.00h325l4m48o962.004932 IBRp000038712r2026-04-19 00:00:00s2026-04-14v366.25yBB